Statistics for UEFA Champions League Round of 16 Lowest Rank

Click here to take the quiz!

General Stats

  • This quiz has been taken 44 times
  • The average score is 12 of 15

Answer Stats

CL SeasonCoefficientCountryClub Name% Correct
2018/1953.5NetherlandsAjax Amsterdam
96%
2021/2214FranceOSC Lille
96%
2017/1845.84TurkeyBesiktas
92%
2022/2338.5BelgiumClub Brugge
92%
2016/1715.25UKLeicester City
92%
2014/1511.3FranceAS Monaco
88%
2023/24
45.5DenmarkFC Copenhagen
88%
2010/1134.47DenmarkFC Copenhagen
88%
2019/2013.5ItalyAtalanta
83%
2020/2126GermanyBorussia Mönchengladbach
79%
2015/1613.44BelgiumKAA Gent
75%
2011/1213.12CyprusAPOEL Nicosia
71%
2013/1453.9GermanyBayer Leverkusen
71%
2009/1040.03FranceGirondins Bordeaux
67%
2012/1316.83SpainMalaga
58%

Score Distribution

Percentile by Number Answered

Percent of People with Each Score

Your Score History

You have not taken this quiz